00826nam a2200265 i 4500003000900000005001700009007000300026008004100029020001500070040003000085082001300115100002900128245003800157264005500195264000900250300002800259336002700287337003300314338002800347490001900375500003900394650003300433650002600466650006800492DO-SdBNP20240626090945.0ta240626b1981 xxu || 000 0 eng d a0523411545 aDO-SdBNPbspacBNPHUerda 4bP4872221 aPetievich, Geraldeautor10aMoney men /b cGerald Petievich  1aNew York, Estados Unidos :bPinnacle books,c1981. 3c1982 a214 páginas :c17 cm. 2rdacontentatextobtxt 2rdamediaasin mediaciónbn 2rdacarrieravolumenbnc1 aFicción v02 aPrimera reimpresión, enero 1982. 4aJuicios (asesinato) zRoma.  4aOraciones forenses.  4aDiscursos, discursos, etc., latín vTraducciones al inglés.